Catalog

Record Details

Catalog Search



The deep blue sea for beginners : a novel / Luanne ... Read More

Rice, Luanne.(Author).

Available copies

  • 2 of 2 copies available at LARL/NWRL Consortium. (Show)
  • 1 of 1 copy available at Lake Agassiz Regional Library.

Current holds

0 current holds with 2 total copies.

Show Only Available Copies
Location Call Number / Copy Notes Barcode Shelving Location Status Due Date
Crookston Public Library RIC (Text) 33500010129989 Main Available -

Record details

  • ISBN: 9780553805147 (alk. paper)
  • ISBN: 0553805142 (alk. paper)
  • Physical Description: 302 p. ; 24 cm.
  • Edition: 1st ed.
  • Publisher: New York : Bantam Books, c2009.

Content descriptions

Summary, etc.:
Years ago, Lyra Davis left behind a world of ... Read More
Subject: Mothers and daughters > Fiction.
Capri Island (Italy) > Fiction.
Genre: Psychological fiction.
Domestic fiction.
LDR 02666cam a22004454a 4500
001103309
003LARL_NWRL_CONSORTIUM
00520090818102351.0
008090403s2009 nyu 000 1 eng
010 . ‡a2009013277
020 . ‡a9780553805147 (alk. paper)
020 . ‡a0553805142 (alk. paper)
035 . ‡a(OCoLC)317824617
040 . ‡aDLC ‡cDLC ‡dYDX
08200. ‡a813/.54 ‡222
1001 . ‡aRice, Luanne. ‡0(LARL_NWRL_CONSORTIUM)83654
24514. ‡aThe deep blue sea for beginners : ‡ba novel / ‡cLuanne Rice.
250 . ‡a1st ed.
260 . ‡aNew York : ‡bBantam Books, ‡cc2009.
300 . ‡a302 p. ; ‡c24 cm.
520 . ‡aYears ago, Lyra Davis left behind a world of wealth and privilege and the people she loved most in the world, unable to reconcile the expectations of her celebrated family with the longings of her own wild heart. Now she lives quietly among a community of expatriates on the isle of Capri--until her daughter Pell travels across an ocean to find the mother she remembers and the deeper truths they all need so desperately.
650 0. ‡aMothers and daughters ‡vFiction. ‡0(LARL_NWRL_CONSORTIUM)166030
651 0. ‡aCapri Island (Italy) ‡vFiction.
655 0. ‡aPsychological fiction.
655 0. ‡aDomestic fiction.
901 . ‡a103309 ‡bOCLC ‡c103309 ‡tbiblio

Additional Resources